000 00287nam a2200121Ia 4500
008 191201s2014 xx 000 0 und d
100 _aWAIT, John V
245 0 _aIntroduction to Operational Amplifier
260 _bTMH
_c2014
300 _a380
650 _aB.Tech(ECE)
942 _2ddc
_cBK
999 _c7065
_d7065